000 00641nam a2200217Ia 4500
001 18911
003 GE_BSU
008 181216s||||||||xx |||||||||||||| ||und||
040 _cGE_BSU
245 _aНеврологический журнал, №3 том 21,2016.
245 _bJournal of Neorology.
245 _cГл. ред.Н.Н. ЯХНО и др.
260 _aМосква
260 _bмедицина
260 _c2016
300 _a184стр, ил, 29см.
520 _aВыходит 1 раз в два месяца
653 _aМедицина
653 _aНеврологический журнал
942 _cCR
999 _c51911
_d51911